00695nam a2200229 a 4500001001300000003000900013005001700022008004100039020001000080082001700090100002300107245006100130260003000191300000800221500003500229650003000264700002300294902000800317942000700325952011800332999001500450nice12345678IN_TiNIC20260116012506.0070504s1982 dela grp 000 0 eng  ac10000a340.59bMUS5 aMuslehuddin Mohd,  aIslamic Jurisprudence and the Role of Necessity and Need aDelhibKitab Bhavanc1982 a69p aincludes index and biblioraphy aIslamic-Law Jurisprudence1 aMuslehuddin Mohd,  bSRS cBK 001040708StackRoom-aHMIbHMId2007-05-04g100.00l0o340.59 MUS5p011235r2007-05-04v100.00w2007-05-04yBK c7214d7214